Eva Kolníková - k životnému jubileu

Bibliographic Details
Main Author: Pieta, Karol, 1941- (Author)
Format: Article
Language:Slovak
Subjects:

MARC

LEADER 00000nab a2200000 ar4500
001 vtls009169968
003 SK-MaSNL
005 20260303055204.0
008 080102c2007 xo ||||||h |||| b|slo
015 |a SNBRA2008/01  |2 snkbucl 
038 |a SNKBUCL 
040 |a SNKBUCL  |b slo  |c SNKBUCL  |e AACR2 
041 0 |a slo 
044 |a xo  |c SK 
080 |a 902-051  |2 1997 
080 |a 929 Kolníková, Eva  |2 1997 
100 1 |a Pieta, Karol,  |d 1941-  |4 aut  |9 89452 
245 1 0 |a Eva Kolníková - k životnému jubileu  |c Karol Pieta 
600 1 7 |a Kolníková, Eva,  |d 1935-  |2 snkbucl  |9 26935 
655 7 |a profily  |2 snkbucl  |9 341977 
773 0 |t Slovenská numizmatika. XVIII  |d Nitra : Archeologický ústav SAV, 2007  |g S. 10-11  |z 9788088709978 
852 |a SNK  |b KIS3GCP 
958 |a BX 
958 |a SK 
999 |c 1726310  |d 1728240